সংশয়ী রচনাবলী / (Record no. 57654)
[ view plain ]
| 000 -LEADER | |
|---|---|
| fixed length control field | 00882nam a2200229 a 4500 |
| 001 - CONTROL NUMBER | |
| control field | 57654 |
| 003 - CONTROL NUMBER IDENTIFIER | |
| rucl marc code | BD-RjUL |
| 005 - DATE AND TIME OF LATEST TRANSACTION | |
| control field | 20211209080535.0 |
| 008 - FIXED-LENGTH DATA ELEMENTS--GENERAL INFORMATION | |
| fixed length control field | 161211s1985 bg a b 000 0 ben |
| 035 ## - SYSTEM CONTROL NUMBER | |
| System control number | (BD-RjUL)57778 |
| 040 ## - CATALOGING SOURCE | |
| Original cataloging agency | DLC |
| Transcribing agency | OClU |
| Modifying agency | BD-RjUL |
| Language of cataloging | ben |
| 041 ## - LANGUAGE CODE | |
| Language code of text/sound track or separate title | ben |
| 082 00 - DEWEY DECIMAL CLASSIFICATION NUMBER | |
| Classification number | 180 |
| Author mark and year | RUS 1985 |
| Edition number | 23 |
| 100 1# - MAIN ENTRY--PERSONAL NAME | |
| Personal name | রাসেল, বার্ট্রাণ্ড |
| 9 (RLIN) | 8378 |
| 245 10 - TITLE STATEMENT | |
| Title | সংশয়ী রচনাবলী / |
| Statement of responsibility, etc. | বার্ট্রাণ্ড রাসেল, অনুবাদঃ আহমদ ছফা |
| 260 ## - PUBLICATION, DISTRIBUTION, ETC. (IMPRINT) | |
| Place of publication, distribution, etc. | ঢাকা : |
| Name of publisher, distributor, etc. | বাংলা একাডেমী, |
| Date of publication, distribution, etc. | ১৯৮৫ |
| 300 ## - PHYSICAL DESCRIPTION | |
| Pagination | ২১২ পৃষ্ঠা ; |
| Size | ২৩ সেমি. |
| 650 #0 - SUBJECT ADDED ENTRY--TOPICAL TERM | |
| Topical term or geographic name as entry element | প্রাচ্য দর্শনের |
| 9 (RLIN) | 8216 |
| Topical term or geographic name as entry element | Eastern Philosophy |
| 9 (RLIN) | 8379 |
| 700 ## - ADDED ENTRY--PERSONAL NAME | |
| Personal name | ছফাআহমদ অনুবাদঃ |
| 942 ## - ADDED ENTRY ELEMENTS (KOHA) | |
| Source of classification or shelving scheme | Dewey Decimal Classification |
| Koha item type | Books |
| Lost status | Source of classification or shelving scheme | Damaged status | Not for loan | Collection code | Permanent Location | Current Location | Shelving location | Date acquired | Source of acquisition | Cost, normal purchase price | Total Checkouts | Full call number | Date last seen | Copy number | Koha item type |
|---|---|---|---|---|---|---|---|---|---|---|---|---|---|---|---|
| Dewey Decimal Classification | Not For Loan | Non-fiction | Central Library, University of Rajshahi | Central Library, University of Rajshahi | Reading Room | 26/06/1990 | Bangla Academy, Dhaka. | 60.00 | B 180 RUS 1985 | 11/12/2016 | C-1 | Books |